=LDR 00000nam 2200000 4500 =001 INLIS000000000035476 =005 20130612141329 =008 ***********************************ind** =035 ##$$0010-061300000035476 =041 ##$$a ind =082 ##$$a 813 =090 ##$$a 813, Neg n =245 ##$$a Negeri van oranje, Wahyuningrat...(Et.Al);Penyunting,Gunawan Bs =260 ##$$a 2009 $b Yogyakarta =300 ##$$a 475 Hlm, Ilus, 20 Cm =650 ##$$a Fiksi =700 ##$$a Wahyuningrat =850 ##$$a NBPNMAT